000 00323nam a2200121Ia 4500
005 20251222144723.0
008 251222s9999||||xx |||||||||||||| ||spa||
082 _a669.95/A15
100 _aAbrigo Iparraguirre, Yoni
245 0 _aMetalografía y Propiedades de los Metales Industriales
264 _bCONCYTEC
942 _cLIB
999 _c18276
_d18276